Life is a Movement/ (Record no. 211722)

MARC details
000 -LEADER
fixed length control field 00732nam a22002177a 4500
005 - DATE AND TIME OF LATEST TRANSACTION
control field 20250611111553.0
010 ## - LCCN (DPL NO)
LC control number ENG-145292
020 ## - INTERNATIONAL STANDARD BOOK NUMBER
Terms of availability 150.00
International Standard Book Number 9788192880099
035 ## - SYSTEM CONTROL NUMBER
System control number EN-128824
037 ## - SOURCE OF ACQUISITION
Source of stock number/acquisition DBAD
082 ## - DEWEY DECIMAL CLASSIFICATION NUMBER
Classification number 881
100 ## - MAIN ENTRY--PERSONAL NAME
Personal name Satyanarayana, S V
245 ## - TITLE STATEMENT
Title Life is a Movement/
Statement of responsibility, etc S V Satyanarayana [and] Edited By Chintapatla Sudarshan
250 ## - EDITION STATEMENT
Edition statement 1
260 ## - PUBLICATION, DISTRIBUTION, ETC. (IMPRINT)
Place of publication, distribution, etc Telangana
Name of publisher, distributor, etc Smitha Publications
Date of publication, distribution, etc 2017
270 ## - ADDRESS
Address 301 Yamuna apt Ramanthapur Hyderabad
City Hyderabad, Telangana
Postal code 500059
Electronic mail address nvrvp1@gmail.com
Telephone number 04027038980
-- 9440551552
300 ## - PHYSICAL DESCRIPTION
Extent 91p.;
Dimensions 22cm(pbk)
500 ## - GENERAL NOTE
General note an Anthology of Poetry
700 ## - ADDED ENTRY--PERSONAL NAME
Personal name Sudarshan, Chintapatla
Relator term Editor
9 (RLIN) 81872
942 ## - ADDED ENTRY ELEMENTS (KOHA)
Source of classification or shelving scheme Dewey Decimal Classification
Item type English Books
Classification part 881
Call number suffix SAT
Holdings
Withdrawn status Lost status Not for loan Collection code Home library Current library Date acquired Source of acquisition Cost, normal purchase price Full call number Barcode Copy number Cost, replacement price Koha item type
    Not For Loan Non-fiction D.B.Act.Division D.B.Act.Division 11/06/2025 DBAD 150.00 881 SAT EN-128824 1 150.00 English Books

© Delhi Public Library
Hit Counter
free hit counter